000
00287nam a2200109Ia 4500
008
220204s9999 xx 000 0 und d
082
_a
057
_b
SCI.10
245
0
_a
Readings in the life sciences. V 10.
260
_a
San Francisco
_b
Freeman &co
_c
1973
650
_a
Life sciences
942
_c
BK
999
_c
26913
_d
26913